Fragmentation and intramolecular cyclization of cyclopentane-fused 2-n- phenyliminoperhydro-1,3-oxazines and -thiazines under electron impact

Elmentve itt :
Bibliográfiai részletek
Szerzők: Oksman Pentti
Fülöp Ferenc
Bernáth Gábor
Pihlaja Kalevi
Testületi szerző: Budapest 91 : Informal meeting on mass spectrometry (1991) (Budapest)
Dokumentumtípus: Cikk
Megjelent: 1991
Sorozat:Kolligátum
Kulcsszavak:Tömegspektrometria
Online Access:http://misc.bibl.u-szeged.hu/26809
LEADER 00832nab a2200217 i 4500
001 misc26809
005 20191111110241.0
008 170928s1991 hu o 0|| zxx d
040 |a SZTE Miscellanea Repozitórium  |b hun 
041 |a zxx 
100 1 |a Oksman Pentti 
245 1 0 |a Fragmentation and intramolecular cyclization of cyclopentane-fused 2-n- phenyliminoperhydro-1,3-oxazines and -thiazines under electron impact  |h [elektronikus dokumentum] /  |c  Oksman Pentti 
260 |c 1991 
300 |a 48-49 
490 0 |a Kolligátum 
695 |a Tömegspektrometria 
700 0 1 |a Fülöp Ferenc  |e aut 
700 0 1 |a Bernáth Gábor  |e aut 
700 0 1 |a Pihlaja Kalevi  |e aut 
710 |a Budapest 91 : Informal meeting on mass spectrometry (1991) (Budapest) 
856 4 0 |u http://misc.bibl.u-szeged.hu/26809/1/019_016_048-049.pdf  |z Dokumentum-elérés